Mergers and acquisitions : (Record no. 51046)

MARC details
000 -LEADER
fixed length control field 01185nam a22002657a 4500
005 - DATE AND TIME OF LATEST TRANSACTION
control field 20110314163759.0
010 ## - LCCN (DPL NO)
LC control number ENG-102122 B-452694
020 ## - INTERNATIONAL STANDARD BOOK NUMBER
International Standard Book Number 9780070091221
Terms of availability 350.00
020 ## - INTERNATIONAL STANDARD BOOK NUMBER
International Standard Book Number 0070091226
Terms of availability 350.00
035 ## - SYSTEM CONTROL NUMBER
System control number EN-85655 B-452694
037 ## - SOURCE OF ACQUISITION
Source of stock number/acquisition DBAD / PUB
037 ## - SOURCE OF ACQUISITION
Source of stock number/acquisition Virtuous Pub/Ven
082 ## - DEWEY DECIMAL CLASSIFICATION NUMBER
Classification number 658.16
100 ## - MAIN ENTRY--PERSONAL NAME
Personal name Rajesh kumar, B.
245 ## - TITLE STATEMENT
Title Mergers and acquisitions :
Statement of responsibility, etc by B. Rajesh Kumar
Remainder of title text and cases /
260 ## - PUBLICATION, DISTRIBUTION, ETC. (IMPRINT)
Place of publication, distribution, etc New Delhi
Name of publisher, distributor, etc Tata McGraw Hill
Date of publication, distribution, etc 2011
270 ## - ADDRESS
Address 7, West Patel Nagar
City New Delhi
Postal code 110008
Telephone number 011-45546396
Electronic mail address regalbookspub@yahoo.com
300 ## - PHYSICAL DESCRIPTION
Extent xii, 427 p.
Dimensions 24 cm (pbk)
500 ## - GENERAL NOTE
General note Includes index
700 ## - ADDED ENTRY--PERSONAL NAME
9 (RLIN) 26525
942 ## - ADDED ENTRY ELEMENTS (KOHA)
Institution code [OBSOLETE] dpl
Item type English Books
Source of classification or shelving scheme Dewey Decimal Classification
Classification part 658.16
Call number suffix RAJ
Holdings
Withdrawn status Lost status Not for loan Collection code Home library Current library Date acquired Source of acquisition Cost, normal purchase price Full call number Barcode Copy number Cost, replacement price Koha item type
      Non-fiction Central Library Central Library 15/02/2012 Virtuous Pub/686/14.10.2011/05/15.09.2011/29.11.2011 350.00 658.16 RAJ B-452694 1 350.00 English Books
    Not For Loan Non-fiction D.B.Act.Division D.B.Act.Division 14/03/2011 DBAD/PUB 350.00 658.16 RAJ EN-85655 1 350.00 English Books

© Delhi Public Library
Hit Counter
free hit counter